| 000 | 00967nam a2200265 a 4500 | ||
|---|---|---|---|
| 001 | 13291 | ||
| 003 | BD-RjUL | ||
| 005 | 20211208235431.0 | ||
| 008 | 140130s1952 enkabf b 001 0 eng | ||
| 035 | _a(BD-RjUL)13342 | ||
| 035 | _a(OCoLC)27792723 | ||
| 040 |
_aDLC _cNAlU _dBD-RjU _beng |
||
| 041 | _aeng | ||
| 082 |
_a598.29546 _bBAB 1952 _223 |
||
| 100 | 1 |
_aBates, R. S. P. _q(Richard Sydney Patrick), _d1897- _941386 |
|
| 245 | 1 | 0 |
_aBreeding birds of Kashmir / _cR.S.P. Bates and E.H.N. Lowther ; illustrated with 151 photographs by the author and 5 coloured plates by D.V. Cowen. |
| 260 |
_aGeoffrey Cumberlege : _bOxford University Press, _c1952. |
||
| 300 |
_axxiii, 367 p. : _bill. ; _c22 cm. |
||
| 500 | _aMaps on lining papers. | ||
| 504 | _aIncludes bibliographical references (p. 1) and index. | ||
| 650 | 0 |
_aBirds _zKashmir. _941387 |
|
| 700 | 1 |
_aLowther, E. H. N. _q(Ernest Herbert Newton), _d1890- _941388 |
|
| 942 |
_2ddc _cBK |
||
| 999 |
_c13291 _d13291 |
||